000 00402cam a2200169ua 4500
020 _c20.00
041 _aeng
_h
082 _a828.09
_bLOT/ER
100 _aLoth, David .
245 _aErotic in literature /
_cDavid Loth.
_hTextual Documents
260 _aLondon :
_bSecker & Warburg ,
_c1961.
300 _a237 ; .
365 _a20.00
504 _a
942 _cBK
999 _c12670
_d12670